| 000 | 00441nam a22001577a 4500 | ||
|---|---|---|---|
| 003 | OSt | ||
| 005 | 20260119123347.0 | ||
| 008 | 260119b |||||||| |||| 00| 0 eng d | ||
| 040 | _cMRSPTU | ||
| 041 | _aENG | ||
| 100 | _aRamandeep Kaur, Supervisor: Dr. Abhilasha | ||
| 245 | _aAvoidance and Isolation of Wormhole Attack in MANET | ||
| 260 |
_bDepartment of CSE, MRSPTU , Bathinda _c2015 |
||
| 650 | _aComputer Science | ||
| 942 |
_2ddc _cTH _n0 |
||
| 999 |
_c10678 _d10678 |
||